| 000 | 00732nam a22002532 4500 | ||
|---|---|---|---|
| 999 |
_c18928 _d18928 |
||
| 001 | 0000006155 | ||
| 003 | OSt | ||
| 005 | 20210430123056.0 | ||
| 008 | 070920s xx 000 0 eng d | ||
| 020 | _a1292276266 | ||
| 040 |
_aKABU _cKABU |
||
| 050 |
_aQR41.2 _b.T67 2021 c.1 |
||
| 100 | 1 | _aTortora, Gerard J. | |
| 245 | 1 | 0 |
_aMicrobiology : _ban introduction / _cGerard J. Tortora, Berdell R. Funke and Christine L. Case. |
| 250 | _a13th ed. | ||
| 260 |
_aDelhi : _bPearson Educ, _c2021 |
||
| 300 | _a 9 Vol (various pagings) | ||
| 650 | 0 | _aMicrobiology. | |
| 700 | 1 | _aFunke, Berdell R. | |
| 700 | 1 | _aCase, Christine L. | |
| 908 | _a070920 | ||
| 942 |
_2lcc _cBK |
||